| 000 | 00390nam a2200157Ia 4500 | ||
|---|---|---|---|
| 008 | 210719s1963 xx 000 0 und d | ||
| 041 | _aeng | ||
| 082 | _a811.54 DICP | ||
| 100 | _aDICKEY (James) | ||
| 245 | _aPoems: 1957-1967. | ||
| 260 |
_aN Y _bCollier Books _c1963 |
||
| 300 |
_axv,299 _bPB |
||
| 365 | _cRs | ||
| 650 | _aAmerican Literature | ||
| 906 | _aAmerican Poems James Dickey | ||
| 999 |
_c212963 _d212963 |
||